| 000 | 01152nam0a22002771 4500 | ||
|---|---|---|---|
| 001 | rc\72136 | ||
| 005 | 20250620171100.0 | ||
| 010 |
_a5-86311-061-9 _9500 |
||
| 035 | _a(NLR Aleph) 005344582 | ||
| 090 |
_a6730249 _c6730249 |
||
| 100 | _a20021216d1995 |||y0rusy50 ca | ||
| 101 | 0 | _arus | |
| 102 | _aRU | ||
| 105 | _aa ||||||||| | ||
| 200 | 1 |
_aАвиатехника, ее обслуживание и ремонт _eОсновы ремонта авиатехники _e[Учеб. пособие для специальностей 07.11., 06.11.00] _fМоск. гос. техн. ун-т гражд. авиации. Каф. техн. эксплуатации летат. аппаратов и авиадвигателей |
|
| 205 | _a2-е изд., перераб. | ||
| 210 |
_aМ. _cМГТУГА _d1995 |
||
| 215 |
_a80 с. _cил. _d20 |
||
| 320 | _aБиблиогр.: с. 79 (7 назв.) | ||
| 700 | 1 |
_aЖорняк _bГ.Н. _gГлеб Николаевич |
|
| 701 | 1 |
_aСмирнов _bН.Н. _gНиколай Николаевич |
|
| 801 | 0 |
_aRU _bNLR _gpsbo |
|
| 801 | 1 |
_aRU _bELAR _2rusmarc |
|
| 852 |
_aNLR _j96-4/8056 |
||
| 942 | _cBOOK | ||
| 980 | _aNB | ||